000 00856cam a22002774a 4500
001 1619
005 20250521091328.0
020 _a9780753458044
040 _aDLC
_cDLC
_dDLC
_beng
050 0 0 _aQL565.A44
082 0 0 _a595.799
100 1 _aAllen, Judy.
245 1 0 _aAre you a bee?
_cJudy Allen and Tudor Humphries.
260 _aNew York :
_bKingfisher
_c2000
300 _a31 pages :
_bcolor illustrations ;
_c22 cm
490 1 _aBackyard books
505 _aM
520 _aA juvenile bee faces many challenges as it takes its place in the hive and joins in the work of the bee community.
521 _a530
_bLexile
521 _aM
_bRaz-Plus
650 0 _aBees
_vJuvenile literature.
650 1 _aBees.
700 1 _aHumphries, Tudor
_eillustrator
906 _a7
_bcbc
_corignew
_d1
_eocip
_f20
_gy-gencatlg
942 _2ddc
_cBK
_n0
999 _c1619
_d1619